Fenerbahce, Galatasaray, Besiktas or Trabzonspor players (2000-) - Statistics

General Stats
  • This quiz has been taken 13 times
  • The average score is 272 of 1156
Answer Stats
Ranking Player Positions Nationality Matches Goals (assists) Periods Clubs % Correct
93 Barış Alper Yılmaz LW 131 23 (16) 2021-2025
100%
10 Burak Yılmaz ST 334 188 (40) 2006-2015, 2017-2020
100%
344 Rıdvan Yılmaz LB 54 4 (7) 2018-2022
100%
875 Abdoulaye Ba CB 9 1 (0) 2015-2016
90%
954 Ali Şahin Yılmaz CB 6 0 (0) 2024-2025
90%
154 Aydın Yılmaz RW 102 5 (14) 2005-2006, 2008-2015
90%
429 Demba Ba ST 39 24 (7) 2014-2015, 2016-2017
90%
708 Deniz Yılmaz ST 17 2 (0) 2014-2016
90%
1133 Deniz Yılmaz CB 1 0 (0) 2018-2019
90%
1040 Ender Yılmaz AM 2 0 (0) 2002-2004
90%
1 Fernando Muslera GK 500 2 (2) 2011-2025
90%
840 Kartal Yılmaz DM 11 0 (1) 2019-2020, 2022-2023
90%
936 Kerem Şen CM 7 0 (0) 2023-2024
90%
162 Mehmet Yılmaz ST 100 25 (7) 2002-2006
90%
1008 Nuri Yılmaz ST 3 0 (0) 2001-2002
90%
1071 Oğuzhan Yılmaz RB 1 0 (0) 2022-2023
90%
1050 Rıza Şen RM 2 0 (0) 2005-2006
90%
418 Sefa Yılmaz RW 41 9 (4) 2014-2016
90%
138 Volkan Şen LW 108 11 (11) 2011-2013, 2015-2018
90%
691 Yusuf Demir RW 18 0 (0) 2022-2023, 2024-2025
90%
15 Alex AM 283 146 (125) 2004-2013
80%
12 Atiba Hutchinson DM 306 25 (36) 2013-2023
80%
256 Aykut Demir CB 72 1 (0) 2013-2016
80%
1148 Azad Demir LW 1 0 (0) 2023-2024
80%
9 Caner Erkin LB 337 15 (77) 2009-2021
80%
907 Cem Demir ST 8 0 (0) 2006-2008
80%
373 Didier Drogba ST 49 18 (13) 2012-2014
80%
26 Emre Belözoğlu CM 225 33 (32) 2000-2001, 2008-2014, 2019-2020
80%
3 Gökhan Gönül RB 437 20 (56) 2007-2021
80%
190 Güven Yalçın ST 91 18 (7) 2018-2022
80%
25 Hasan Şaş RW 234 24 (61) 2000-2009
80%
901 Hasan Türk CM 8 0 (0) 2012-2013
80%
1002 İbrahim Demir GK 3 0 (0) 2014-2015
80%
8 İbrahim Üzülmez LB 349 9 (32) 2000-2011
80%
7 Mehmet Topal DM 350 22 (20) 2006-2009, 2012-2018, 2021-2022
80%
650 Muhammet Demir ST 21 4 (2) 2015-2017
80%
5 Necip Uysal CB 389 4 (16) 2009-2025
80%
17 Rüştü Reçber GK 268 0 (1) 2000-2002, 2004-2012
80%
6 Selçuk İnan CM 369 53 (76) 2008-2020
80%
62 Sergen Yalçın AM 163 41 (45) 2000-2006
80%
23 Uğurcan Çakır GK 241 0 (3) 2017-2025
80%
2 Volkan Demirel GK 449 0 (1) 2002-2019
80%
79 Anthony Nwakaeme LW 144 43 (41) 2018-2021, 2024-2025
70%
993 Fahri Ay CM 4 0 (0) 2023-2025
70%
30 Faryd Mondragón GK 219 0 (1) 2001-2007
70%
65 Filip Holosko RW 155 43 (23) 2007-2014
70%
78 Gökhan Zan CB 147 7 (2) 2003-2004, 2005-2014
70%
59 Hakan Şükür ST 167 62 (27) 2003-2008
70%
16 İbrahim Toraman CB 269 22 (9) 2004-2014
70%
446 Mario Gómez ST 38 28 (6) 2015-2016
70%
512 Maxi Gómez ST 32 6 (5) 2022-2024
70%
14 Mehmet Aurélio DM 293 30 (35) 2001-2007, 2010-2012
70%
63 Mehmet Topuz RM 160 8 (22) 2009-2016
70%
104 Michy Batshuayi ST 126 50 (10) 2021-2025
70%
72 Moussa Sow ST 150 66 (22) 2011-2017
70%
143 Okan Buruk RM 107 8 (14) 2000-2001, 2004-2008
70%
66 Olcan Adın RW 155 31 (24) 2003-2004, 2005-2006, 2011-2016
70%
34 Onur Kıvrak GK 214 0 (0) 2007-2008, 2009-2019
70%
196 Orhan Ak CB 89 5 (7) 2003-2007
70%
259 Pierre Webó ST 71 26 (10) 2012-2015
70%
4 Sabri Sarıoğlu RB 398 16 (41) 2002-2017
70%
52 Semih Kaya CB 174 5 (4) 2008-2009, 2011-2016, 2018-2019, 2021-2022
70%
46 Servet Çetin CB 188 13 (6) 2003-2005, 2007-2012
70%
459 Victor Osimhen ST 37 32 (7) 2024-2025
70%
74 Wesley Sneijder AM 149 39 (36) 2012-2017
70%
47 Abdülkadir Ömür AM 183 22 (33) 2016-2024
60%
1073 Ahmet Sarı ST 1 0 (0) 2009-2010
60%
347 Aykut Akgün DM 53 0 (2) 2011-2014
60%
55 Bobô ST 169 64 (23) 2005-2011
60%
69 Diego Lugano CB 153 24 (5) 2006-2011
60%
124 Dries Mertens CF 117 22 (39) 2022-2025
60%
172 Dušan Tadić RW 95 25 (31) 2023-2025
60%
193 Edin Džeko ST 89 40 (14) 2023-2025
60%
41 Egemen Korkmaz CB 192 15 (11) 2008-2015
60%
346 Emre Mor RW 53 3 (2) 2019-2020, 2022-2024
60%
813 Emre Toraman DM 12 1 (1) 2003-2004
60%
1021 Erdoğan Kaya CB 3 0 (0) 2019-2021
60%
116 Fabian Ernst DM 120 9 (7) 2008-2012
60%
84 Gökhan Töre RW 139 20 (24) 2013-2015, 2017-2018, 2020-2022
60%
18 Hakan Balta LB 267 11 (10) 2007-2017
60%
845 Hyun-jun Suk ST 10 0 (0) 2016-2017
60%
183 İbrahim Akın LW 92 17 (10) 2004-2008
60%
38 İbrahim Yattara RW 196 30 (67) 2003-2011
60%
44 İsmail Köybaşı LM 190 4 (18) 2009-2011, 2013-2018, 2021-2022
60%
32 José Sosa AM 215 32 (40) 2014-2015, 2017-2022
60%
67 Kerem Aktürkoğlu LW 154 42 (34) 2020-2025
60%
697 Kerem İnan GK 18 0 (0) 2000-2003
60%
175 Manuel Fernandes AM 94 16 (35) 2010-2014
60%
235 Mauro Icardi ST 77 56 (20) 2022-2025
60%
819 Mehmet Akgün CM 11 0 (1) 2012-2014
60%
1048 Mehmet Çakır ST 2 0 (0) 2010-2011
60%
22 Mert Nobre ST 241 86 (25) 2003-2011
60%
19 Oğuzhan Özyakup CM 267 30 (49) 2012-2022
60%
1127 Ömer Çakı LB 1 0 (0) 2018-2019
60%
651 Orhan Şam RB 20 0 (1) 2011-2013
60%
45 Ricardo Quaresma RW 188 30 (64) 2010-2011, 2015-2020
60%
60 Ryan Babel LW 166 44 (19) 2016-2022
60%
1015 Savaş Çakır RW 3 0 (0) 2015-2016
60%
28 Semih Şentürk ST 223 59 (38) 2000-2001, 2002-2013
60%
1037 Sercan Kaya RW 2 0 (0) 2011-2012
60%
86 Serhat Akın RW 137 42 (23) 2000-2005
60%
379 Simão LW 48 10 (11) 2010-2012
60%
863 Simão DM 10 0 (1) 2001-2002
60%
83 Sofiane Feghouli AM 141 28 (28) 2017-2022
60%
42 Souza CB 192 21 (9) 2015-2018, 2020-2023
60%
246 Suat Kaya DM 75 4 (2) 2000-2003
60%
89 Tolgay Arslan AM 135 1 (12) 2014-2020
60%
33 Tolga Zengin GK 214 0 (1) 2005-2019
60%
50 Tomas Sivok CB 176 16 (5) 2008-2015
60%
11 Umut Bulut ST 307 104 (37) 2006-2010, 2012-2016
60%
732 Veysel Sarı CB 16 0 (2) 2013-2015
60%
133 Younès Belhanda AM 109 18 (22) 2017-2021
60%
222 Yunus Akgün RW 82 14 (16) 2018-2019, 2022-2025
60%
328 Yusuf Sarı RW 57 5 (3) 2019-2022
60%
147 Yusuf Yazıcı AM 106 23 (16) 2015-2018, 2022-2023
60%
228 Abdulkadir Parmak CM 80 4 (6) 2018-2022
50%
140 Abdülkerim Bardakcı CB 107 12 (6) 2022-2025
50%
865 Ahmet Şahin GK 10 0 (0) 2005-2008
50%
77 Alanzinho AM 147 11 (21) 2008-2014
50%
438 Alexander Sørloth ST 38 24 (10) 2019-2020
50%
981 Alparslan Erdem LB 4 0 (1) 2008-2010
50%
146 Anastasios Bakasetas AM 106 29 (17) 2020-2024
50%
426 Arda Güler AM 40 8 (10) 2021-2023
50%
39 Arda Turan LW 193 36 (55) 2004-2005, 2006-2010, 2020-2022
50%
688 Ariel Ortega AM 18 5 (9) 2002-2003
50%
108 Arif Erdem ST 125 42 (28) 2000-2005
50%
158 Attila Szalai CB 100 6 (4) 2020-2023
50%
397 Aytaç Kara CM 45 1 (0) 2014-2016, 2021-2022
50%
1118 Berkay Sefa Kara RW 1 0 (0) 2018-2019
50%
70 Bright Osayi-Samuel RB 153 6 (11) 2020-2025
50%
371 Bülent Akın DM 49 3 (1) 2000-2002
50%
71 Bülent Korkmaz CB 151 5 (2) 2000-2005
50%
1018 Can Erdem ST 3 0 (0) 2006-2007
50%
225 Ceyhun Eriş AM 81 15 (12) 2001-2002, 2006-2008
50%
149 Ceyhun Gülselam DM 105 7 (4) 2008-2014
50%
186 Cyle Larin ST 92 32 (8) 2017-2018, 2020-2022
50%
271 Davinson Sánchez CB 69 6 (4) 2023-2025
50%
129 Deivid ST 114 29 (15) 2006-2010
50%
980 Diego Carlos CB 4 0 (0) 2024-2025
50%
572 Doğan Erdoğan DM 26 0 (0) 2019-2020
50%
73 Domagoj Vida CB 150 15 (1) 2017-2022
50%
304 Édouard Cissé DM 62 2 (4) 2007-2009
50%
857 Emre Özkan CB 10 0 (1) 2005-2006, 2012-2013
50%
144 Eren Elmalı LB 107 0 (6) 2022-2025
50%
724 Erhan Güven RB 16 0 (1) 2009-2011
50%
404 Erkan Zengin LW 44 3 (6) 2008-2009, 2014-2016
50%
988 Ertuğrul Çetin GK 4 0 (0) 2021-2022, 2024-2025
50%
92 Felipe Melo DM 131 14 (12) 2011-2016
50%
115 Filip Novak LB 120 19 (4) 2017-2022
50%
425 Gabriel Sara CM 40 2 (10) 2024-2025
50%
109 Gedson Fernandes CM 125 15 (13) 2020-2021, 2022-2025
50%
483 Gheorghe Hagi AM 35 13 (18) 2000-2001
50%
24 Gökdeniz Karadeniz LW 241 66 (57) 2000-2008
50%
635 Günay Güvenç GK 21 0 (0) 2014-2015, 2023-2025
50%
61 Gustavo Colman CM 166 20 (40) 2008-2014
50%
539 Guti CM 30 7 (10) 2010-2012
50%
738 İlhan Şahin AM 15 1 (1) 2000-2002
50%
75 İrfan Can Kahveci RW 148 25 (27) 2020-2025
50%
443 Issiar Dia RW 38 5 (4) 2010-2012
50%
925 Ivanildo Fernandes CB 7 0 (0) 2019-2020
50%
119 Jeremain Lens RW 119 13 (25) 2016-2021
50%
785 ST 13 3 (2) 2009-2010
50%
354 Johan Elmander ST 52 16 (8) 2011-2013
50%
1119 Kaan Arslan CB 1 0 (0) 2021-2022
50%
277 Kerem Demirbay CM 67 7 (7) 2023-2025
50%
871 Kerim Zengin RB 10 0 (1) 2006-2007
50%
127 Lucas Torreira DM 115 6 (10) 2022-2025
50%
363 Macit Güven CB 50 1 (1) 2000-2003
50%
375 Maicon CB 49 6 (1) 2017-2019
50%
465 Mario Lemina DM 36 1 (2) 2019-2020, 2024-2025
50%
180 Martin Skrtel CB 93 6 (1) 2016-2019
50%
399 Mehmet Güven CM 45 1 (3) 2005-2009
50%
106 Mert Günok GK 126 0 (0) 2010-2014, 2021-2025
50%
112 Mert Hakan Yandaş AM 123 8 (18) 2020-2025
50%
1085 Mülayim Erdem AM 1 0 (0) 2003-2004
50%
816 Murat Erdoğan CM 12 3 (0) 2003-2004
50%
694 Murat Şahin GK 18 0 (0) 2004-2007
50%
29 Olcay Şahan LW 221 41 (45) 2012-2019
50%
699 Ömer Erdoğan CB 18 2 (0) 2003-2004
50%
290 Onur Bulut RB 64 0 (5) 2022-2025
50%
111 Óscar Córdoba GK 124 0 (2) 2002-2006
50%
586 Papiss Demba Cissé ST 25 5 (1) 2020-2021
50%
58 Rigobert Song CB 167 5 (1) 2004-2010
50%
217 Roberto Carlos LB 84 6 (9) 2007-2010
50%
261 Robin van Persie ST 71 26 (6) 2015-2018
50%
257 Sacha Boey RB 72 3 (4) 2021-2024
50%
20 Selçuk Şahin DM 263 13 (17) 2003-2015
50%
57 Serdar Aziz CB 168 14 (8) 2016-2024
50%
306 Serdar Dursun ST 62 19 (9) 2021-2024
50%
220 Serdar Özkan LW 83 4 (7) 2003-2004, 2007-2011
50%
36 Ümit Karan ST 204 81 (31) 2001-2009
50%
100 Veli Kavlak CM 128 7 (14) 2011-2016
50%
321 Volkan Arslan CM 58 6 (8) 2002-2006
50%
1109 Yağızcan Erdem CM 1 0 (0) 2015-2016
50%
99 Yusuf Erdoğan LW 128 17 (14) 2013-2017, 2021-2023
50%
948 Abdurrahim Dursun LB 6 0 (0) 2019-2021
40%
743 Adem Dursun CB 15 0 (0) 2005-2006
40%
122 Ahmet Dursun ST 118 40 (4) 2000-2006
40%
286 Alexander Djiku CB 65 4 (2) 2023-2025
40%
64 Ali Güneş CM 158 11 (12) 2000-2007
40%
878 Ali Turan CB 9 0 (0) 2010-2011
40%
529 Ally Samatta ST 30 5 (0) 2020-2022
40%
823 Alpaslan Öztürk CB 11 0 (0) 2021-2022
40%
53 Alper Potuk LW 173 13 (25) 2013-2020
40%
282 Andreas Beck RB 66 0 (4) 2015-2018
40%
488 André Ayew ST 34 5 (2) 2018-2019
40%
320 André Santos LB 58 11 (2) 2009-2011
40%
13 Ayhan Akman CM 294 12 (24) 2000-2012
40%
252 Bafétimbi Gomis ST 73 46 (5) 2017-2018, 2021-2023
40%
556 Batuhan Karadeniz ST 28 2 (2) 2007-2009, 2012-2014
40%
997 Berk Ünsal ST 3 0 (0) 2013-2014
40%
561 Bilal Kısa AM 28 6 (3) 2002-2003, 2015-2016
40%
211 Bruno Alves CB 84 3 (2) 2013-2016
40%
1044 Cafer Tosun CM 2 0 (0) 2019-2020
40%
31 Cenk Tosun ST 217 79 (27) 2014-2017, 2020-2021, 2022-2025
40%
831 Cris CB 11 1 (0) 2012-2013
40%
68 Cristian CM 154 21 (20) 2009-2014
40%
250 Dani Güiza ST 74 25 (10) 2008-2011
40%
136 Dirk Kuyt RW 108 30 (23) 2012-2015
40%
274 Dominik Livakovic GK 68 0 (1) 2023-2025
40%
166 Edin Visca RW 98 16 (27) 2021-2025
40%
899 Efe Akman DM 8 0 (0) 2023-2025
40%
159 Ekrem Dag RB 100 6 (6) 2008-2012
40%
192 Emmanuel Eboué RB 89 4 (11) 2011-2014
40%
231 Emmanuel Emenike ST 78 21 (18) 2013-2014, 2016-2017
40%
51 Emre Aşık CB 174 5 (4) 2000-2006, 2008-2010
40%
85 Emre Çolak AM 138 10 (14) 2009-2016
40%
226 Engin Baytar AM 81 6 (13) 2009-2014
40%
279 Eren Derdiyok ST 67 22 (3) 2016-2019
40%
37 Ergün Penbe LB 202 6 (37) 2000-2007
40%
394 Ernest Muci LW 46 8 (4) 2023-2025
40%
153 Fabio Luciano CB 103 12 (3) 2003-2006
40%
474 Fabrice N'Sakala LB 36 1 (2) 2020-2022
40%
585 Fatih Öztürk GK 25 0 (0) 2013-2014, 2020-2022
40%
117 Fatih Tekke ST 120 77 (24) 2002-2005, 2010-2011
40%
56 Ferdi Kadıoğlu LB 168 13 (17) 2019-2025
40%
251 Fernandão ST 74 30 (3) 2015-2018
40%
355 Fernando DM 52 4 (4) 2017-2019
40%
247 Fred CM 74 8 (14) 2023-2025
40%
848 Georgi Markov CB 10 0 (0) 2001-2002
40%
454 Gheorghe Popescu CB 37 0 (0) 2000-2002
40%
726 Giovani dos Santos CF 16 0 (3) 2009-2010
40%
535 Güngör Öztürk CB 30 0 (2) 2000-2002
40%
683 Gustavo Henrique CB 18 3 (2) 2022-2023
40%
163 Hakan Ünsal LB 100 4 (14) 2000-2005
40%
1145 Hamza Akman CM 1 0 (0) 2022-2023
40%
40 Hasan Ali Kaldırım LB 193 6 (25) 2012-2020
40%
490 Henri Bienvenu ST 34 7 (2) 2011-2013
40%
27 Hüseyin Çimşir DM 224 7 (9) 2002-2009
40%
774 İshak Doğan LB 14 0 (0) 2014-2015
40%
545 Jajá ST 29 12 (3) 2010-2011
40%
442 Jardel ST 38 28 (4) 2000-2001
40%
496 Jean Michaël Seri DM 33 2 (3) 2019-2020
40%
566 John Carew ST 27 14 (3) 2004-2005
40%
598 Lazar Markovic RW 24 2 (3) 2015-2016, 2022-2023
40%
316 Lincoln AM 58 16 (26) 2007-2009
40%
555 Lincoln AM 28 0 (6) 2022-2023
40%
288 Loris Karius GK 65 0 (0) 2018-2020
40%
289 Lukas Podolski ST 64 22 (14) 2015-2017
40%
303 Mahmoud Trezeguet LW 62 23 (15) 2022-2025
40%
528 Mame Thiam ST 30 6 (4) 2020-2021
40%
273 Manolis Siopis DM 68 0 (1) 2021-2023
40%
370 Marcel Tisserand CB 49 1 (1) 2020-2022
40%
336 Marek Hamsik CM 55 6 (6) 2021-2023
40%
173 Mariano RB 95 2 (16) 2017-2020
40%
182 Matías Delgado AM 93 18 (16) 2006-2008, 2010-2011
40%
853 Mauricio Lemos CB 10 0 (0) 2020-2021, 2022-2023
40%
141 Mehmet Ekici AM 107 20 (18) 2014-2020
40%
487 Mesut Özil AM 34 9 (3) 2020-2022
40%
431 Michael Fink CB 39 2 (3) 2009-2011
40%
467 Michal Kadlec CB 36 3 (1) 2013-2016
40%
656 Milan Škriniar CB 20 3 (2) 2024-2025
40%
525 Muhammed Cham AM 31 5 (10) 2024-2025
40%
943 Murat Tosun RW 6 1 (0) 2009-2010
40%
120 Mustafa Dogan CB 118 2 (1) 2000-2002, 2004-2007
40%
455 Nani LW 37 9 (10) 2015-2016
40%
125 Necati Ateş ST 117 55 (20) 2003-2006, 2011-2012
40%
671 Nicolas Pépé RW 19 5 (3) 2023-2024
40%
195 Nihat Kahveci ST 89 15 (17) 2000-2001, 2009-2011
40%
374 Nordin Amrabat RW 49 1 (11) 2012-2014
40%
134 Okay Yokuşlu DM 109 7 (7) 2015-2017, 2024-2025
40%
500 Olimpiu Moruțan AM 33 3 (4) 2021-2022
40%
49 Ozan Tufan CM 177 23 (25) 2015-2017, 2019-2021, 2024-2025
40%
410 Pepe CB 42 5 (2) 2017-2019
40%
957 Peter Kjaer GK 5 0 (0) 2001-2002
40%
131 Rachid Ghezzal RW 111 16 (31) 2020-2024
40%
457 Radamel Falcao ST 37 19 (3) 2019-2022
40%
160 Rodrigo Tello LW 100 17 (30) 2007-2010
40%
103 Ronaldo CB 128 11 (3) 2001-2005
40%
412 Salih Dursun CB 41 1 (1) 2013-2016
40%
176 Sebastian Szymański AM 94 15 (24) 2023-2025
40%
101 Serdar Kurtuluş RB 128 0 (7) 2006-2008, 2013-2016
40%
362 Sérgio Oliveira CM 50 5 (5) 2022-2024
40%
21 Serkan Balcı RB 261 1 (25) 2004-2013
40%
590 Serkan Kurtuluş RB 25 0 (2) 2008-2009, 2010-2011
40%
747 Sezer Öztürk AM 15 2 (1) 2011-2013
40%
232 Shabani Nonda ST 78 28 (6) 2007-2010
40%
773 Shinji Kagawa AM 14 4 (2) 2018-2019
40%
262 Simon Kjaer CB 71 5 (0) 2015-2017
40%
156 Sinan Gümüş RW 101 22 (8) 2014-2018, 2020-2021
40%
471 Sofyan Amrabat DM 36 2 (4) 2024-2025
40%
746 Steven Nzonzi DM 15 0 (1) 2019-2020
40%
185 Talisca AM 92 43 (14) 2016-2017, 2024-2025
40%
605 Tanguy Ndombélé CM 24 0 (1) 2023-2024
40%
258 Tolga Ciğerci DM 72 8 (3) 2016-2017, 2019-2021
40%
48 Tuncay Şanlı LW 179 69 (28) 2002-2007
40%
96 Uğur Boral LM 130 11 (14) 2006-2009, 2011-2015
40%
35 Ümit Özat LB 208 12 (34) 2001-2007
40%
548 Umut Güneş CM 29 0 (0) 2023-2025
40%
98 Victor Nelsson CB 129 3 (1) 2021-2025
40%
263 Yekta Kurtuluş CM 71 2 (2) 2010-2015
40%
1122 Yusuf Kurtuluş CM 1 0 (0) 2007-2008
40%
310 Yuto Nagatomo LB 60 2 (6) 2017-2020
40%
1074 Zeki Dursun CM 1 0 (0) 2023-2024
40%
478 Abdul Kader Keita RW 35 7 (14) 2009-2010
30%
224 Adem Ljajic AM 82 18 (24) 2018-2021
30%
170 Adriano LB 96 4 (11) 2016-2019
30%
169 Ahmed Hassan AM 97 29 (15) 2003-2006
30%
763 Ahmed Kutucu LW 14 1 (0) 2024-2025
30%
466 Ahmet Çalık CB 36 1 (0) 2016-2020
30%
268 Albert Riera LM 70 3 (9) 2011-2014
30%
423 Alexandru Cicâldău AM 40 5 (4) 2021-2023
30%
822 Alexandru Maxim AM 11 0 (0) 2022-2023
30%
97 Altay Bayındır GK 129 0 (1) 2019-2024
30%
776 Álvaro Morata ST 13 6 (3) 2024-2025
30%
414 Andreas Cornelius ST 41 16 (6) 2021-2023
30%
267 Antônio Carlos Zago CB 70 2 (6) 2002-2004
30%
692 Arseniy Batagov CB 18 1 (1) 2024-2025
30%
184 Arthur Masuaku LB 92 3 (14) 2022-2025
30%
161 Aurélien Chedjou CB 100 9 (6) 2013-2017
30%
411 Aykut Erçetin GK 41 0 (0) 2003-2004, 2006-2012
30%
121 Barış Özbek CM 118 7 (12) 2007-2013
30%
891 Bartuğ Elmaz DM 9 0 (0) 2020-2021, 2023-2025
30%
1125 Behlül Aydın RW 1 0 (0) 2019-2020
30%
709 Berke Özer GK 17 0 (0) 2021-2022
30%
766 Bogdan Stancu ST 14 2 (2) 2010-2011
30%
381 Çağlar Söyüncü CB 47 4 (2) 2023-2025
30%
666 Can Arat CB 20 0 (1) 2002-2003, 2005-2009
30%
895 Carlos Kameni GK 9 0 (0) 2017-2018
30%
244 Cenk Gönen GK 75 0 (0) 2010-2016
30%
294 Christian Luyindama CB 64 2 (2) 2018-2022
30%
462 Ciro Immobile ST 36 15 (4) 2024-2025
30%
601 Claudio Maldonado DM 24 0 (3) 2007-2009
30%
445 Claudio Taffarel GK 38 0 (0) 2000-2001
30%
301 Dame N'Doye ST 63 10 (13) 2015-2018
30%
892 Daniel Opare RB 9 1 (0) 2014-2015
30%
358 Dany Nounkeu CB 51 0 (3) 2012-2014
30%
118 Deniz Barış CB 120 2 (6) 2004-2010
30%
760 Derrick Köhn LB 14 1 (2) 2023-2025
30%
206 Didier Zokora DM 86 0 (2) 2011-2014
30%
313 Diego AM 59 5 (11) 2014-2016
30%
237 Diego Rossi AM 76 10 (17) 2021-2023
30%
299 Dimitrios Pelkas AM 63 12 (8) 2020-2022
30%
588 Doğucan Haspolat DM 25 1 (1) 2022-2024
30%
167 Dorukhan Toköz CM 98 5 (8) 2018-2023
30%
202 Dusko Tosic CB 87 7 (4) 2015-2018
30%
514 Emmanuel Más LB 32 1 (1) 2016-2018
30%
276 Emre Akbaba AM 68 11 (8) 2018-2023
30%
275 Emre Kılınç LW 68 7 (6) 2020-2023
30%
227 Enis Bardhi AM 80 14 (5) 2022-2025
30%
361 Enis Destan ST 51 9 (6) 2023-2025
30%
152 Enner Valencia ST 103 53 (15) 2020-2023
30%
616 Enzo Roco CB 23 2 (0) 2018-2020
30%
877 Erkan Kaş LB 9 0 (0) 2012-2013
30%
142 Ersan Gülüm CB 107 2 (2) 2010-2016
30%
137 Ersin Destanoğlu GK 108 0 (0) 2019-2025
30%
812 Eyüp Aydın CM 12 0 (1) 2023-2025
30%
611 Ezgjan Alioski LB 23 1 (2) 2022-2023
30%
341 Fábio Bilica CB 54 1 (1) 2009-2012
30%
219 Fabri GK 83 0 (0) 2016-2018
30%
95 Fatih Akyel RB 130 0 (5) 2000-2007
30%
516 Filip Kostić LM 31 1 (9) 2024-2025
30%
756 Franck Ribéry LW 14 0 (4) 2004-2005
30%
179 Garry Rodrigues LW 93 18 (21) 2016-2020
30%
168 Georges-Kevin N'Koudou LW 97 19 (6) 2019-2023
30%
107 Giray Kaçar CB 126 6 (5) 2008-2014
30%
526 Giuliano AM 31 15 (5) 2017-2019
30%
600 Gökhan Inler DM 24 0 (1) 2016-2017
30%
1093 Gökhan Karadeniz AM 1 0 (0) 2014-2015
30%
214 Haim Revivo AM 84 34 (19) 2000-2003
30%
517 Hakim Ziyech RW 31 8 (5) 2023-2025
30%
451 Harun Tekin GK 38 0 (0) 2018-2021
30%
305 Henry Onyekuru LW 62 20 (11) 2018-2021
30%
260 Hugo Rodallega ST 71 26 (5) 2016-2019
30%
441 İbrahim Kaş CB 38 3 (1) 2004-2005, 2006-2007, 2009-2010
30%
1042 İbrahim Serdar Aydın DM 2 0 (0) 2013-2014
30%
486 İrfan Can Eğribayat GK 34 0 (0) 2022-2025
30%
624 Islam Slimani ST 22 4 (0) 2018-2019
30%
200 İsmail Yüksek DM 88 0 (8) 2020-2021, 2022-2025
30%
283 Jackson Muleka ST 66 9 (2) 2022-2025
30%
398 Jason Denayer CB 45 0 (3) 2015-2016, 2017-2018
30%
365 Jayden Oosterwolde LB, CB 50 1 (0) 2022-2025
30%
338 Jens Stryger Larsen RB 55 2 (0) 2022-2024
30%
177 Joseph Yobo CB 94 3 (0) 2010-2014
30%
725 Juan Mata AM 16 3 (1) 2022-2023
30%
974 Júlio Alves CM 5 0 (1) 2011-2012
30%
210 Kaan Ayhan CB 84 2 (7) 2022-2025
30%
1108 Kenan Özer RW 1 0 (0) 2005-2006
30%
597 Lorik Cana DM 24 1 (0) 2010-2011
30%
786 Luan Peres CB 13 1 (0) 2022-2023
30%
506 Luis Pedro Cavanda RB 32 0 (1) 2015-2017
30%
434 Mamadou Niang ST 39 18 (12) 2010-2011, 2012-2013
30%
113 Marcão CB 122 1 (1) 2018-2022
30%
415 Marcelo Saracchi LB 41 2 (6) 2019-2021
30%
308 Mateja Kežman ST 60 23 (11) 2006-2008
30%
337 Mathieu Valbuena AM 55 11 (17) 2017-2019
30%
419 Matteo Ferrari CB 41 0 (1) 2009-2011
30%
658 Max Kruse CF 20 7 (7) 2019-2020
30%
824 Max Meyer AM 11 1 (0) 2021-2022
30%
360 Mbaye Diagne ST 51 21 (3) 2018-2022
30%
660 Mehmet Aydin RB 20 0 (0) 2023-2024
30%
145 Mehmet Yozgatlı RW 107 7 (18) 2003-2008
30%
518 Mergim Berisha ST 31 8 (3) 2021-2023
30%
655 Michael Frey ST 20 5 (1) 2018-2019, 2020-2021
30%
280 Miguel Crespo CM 67 5 (6) 2021-2024
30%
155 Miha Zajc CM 101 18 (6) 2018-2019, 2021-2024
30%
165 Milan Baros ST 99 55 (16) 2008-2012
30%
311 Milan Rapaic LM 59 15 (20) 2000-2003
30%
181 Milot Rashica RW 93 14 (21) 2022-2025
30%
430 Min-jae Kim CB 39 1 (0) 2021-2022
30%
209 Miroslav Stoch LW 85 13 (9) 2010-2012, 2016-2017
30%
494 Mohamed Elneny DM 33 1 (4) 2019-2020
30%
794 Muğdat Çelik ST 13 2 (0) 2018-2019
30%
312 Mustafa Sarp DM 59 4 (2) 2009-2011
30%
253 Nabil Dirar RB 73 7 (12) 2017-2020
30%
233 Ogün Temizkanoğlu CB 78 10 (11) 2000-2003
30%
591 Oğuz Aydın LW 25 7 (4) 2024-2025
30%
647 Okan Koç RW 21 1 (2) 2003-2004
30%
640 Okan Kocuk GK 21 0 (0) 2019-2020, 2022-2023
30%
825 Ömer Aysan Barış RB 11 0 (0) 2009-2010
30%
540 Orkun Uşak GK 30 0 (0) 2007-2009
30%
123 Özer Hurmacı AM 117 12 (10) 2009-2011, 2013-2016
30%
349 Patrick van Aanholt LB 53 2 (5) 2021-2023
30%
187 Paulo Henrique ST 92 20 (18) 2011-2014
30%
642 Paul Onuachu ST 21 15 (4) 2023-2024
30%
317 Pierre van Hooijdonk ST 58 33 (12) 2003-2005
30%
804 Przemyslaw Frankowski RB 12 0 (1) 2024-2025
30%
407 Rafa Silva CF 43 14 (9) 2024-2025
30%
201 Raúl Meireles CM 87 7 (10) 2012-2016
30%
387 Reto Ziegler CB 47 0 (7) 2011-2013
30%
353 Ricardinho AM 52 10 (10) 2006-2008
30%
384 Roberto Soldado ST 47 15 (10) 2017-2019
30%
480 Rodrigo Becão CB 35 1 (1) 2023-2025
30%
433 Rodrigo Tabata AM 39 2 (12) 2009-2011
30%
546 Roland Sallai RB, RW 29 4 (1) 2024-2025
30%
584 Romain Saïss CB 25 1 (2) 2022-2023
30%
223 Roman Neustädter CB 82 5 (0) 2016-2019
30%
105 Ryan Donk CB 126 7 (10) 2015-2016, 2017-2021
30%
82 Salih Uçan CM 141 8 (16) 2012-2013, 2016-2017, 2021-2025
30%
959 Semih Karadeniz RB 5 0 (0) 2015-2016
30%
164 Şener Özbayraklı RB 99 3 (7) 2015-2021
30%
628 Sercan Yıldırım RW 22 2 (2) 2011-2013
30%
646 Serdar Kesimal CB 21 0 (0) 2011-2015
30%
632 Serdar Kulbilge GK 22 0 (0) 2006-2008
30%
520 Simon Banza ST 31 19 (5) 2024-2025
30%
775 Stefan Savic CB 13 0 (0) 2024-2025
30%
230 Stephen Appiah DM 79 14 (10) 2005-2008
30%
91 Stjepan Tomas CB 132 0 (2) 2003-2007
30%
1076 Taha Emre İnce CB 1 0 (0) 2024-2025
30%
468 Tomas Zapotocny CB 36 3 (1) 2008-2009, 2010-2011
30%
43 Tümer Metin AM 191 42 (41) 2001-2008
30%
302 Uğur Demirok CB 63 6 (1) 2005-2006, 2014-2015, 2016-2018
30%
255 Uğur Uçar RB 72 0 (10) 2003-2005, 2007-2010
30%
713 Ümit Aydın DM 17 1 (1) 2000-2001, 2003-2004
30%
1112 Umut Gündoğan CM 1 0 (0) 2013-2014
30%
469 Umut Nayir ST 36 5 (1) 2019-2020, 2023-2024
30%
444 Vedran Runje GK 38 0 (1) 2006-2007
30%
631 Victor Moses RW 22 5 (2) 2018-2020
30%
151 Vincent Aboubakar ST 104 53 (13) 2016-2017, 2020-2021, 2022-2024
30%
721 Vincent Janssen ST 16 4 (4) 2017-2018
30%
207 Vitor Hugo CB 86 5 (1) 2020-2023
30%
1150 Volkan Ekici AM 1 0 (0) 2010-2011
30%
204 Wederson LB 87 4 (12) 2007-2010
30%
475 Willian Arão DM 35 1 (4) 2022-2023
30%
741 Yaser Yıldız ST 15 1 (1) 2008-2009
30%
720 Yassine Benzia AM 16 0 (1) 2018-2019
30%
393 Youssef En-Nesyri ST 46 26 (6) 2024-2025
30%
378 Aatif Chahechouhe AM 48 10 (7) 2016-2019
20%
547 Abdülkadir Demirci LM 29 3 (2) 2000-2001
20%
557 Adem Büyük ST 28 8 (1) 2019-2020
20%
90 Ahmet Yıldırım DM 134 4 (10) 2000-2005
20%
711 Aílton ST 17 6 (0) 2005-2006
20%
390 Alex Telles LB 46 2 (3) 2013-2016
20%
406 Ali Bilgin CM 43 2 (2) 2007-2010
20%
580 Allan McGregor GK 26 0 (0) 2012-2013
20%
565 Allan Saint-Maximin LW 27 4 (5) 2024-2025
20%
421 Álvaro Negredo ST 40 10 (8) 2017-2019
20%
757 Angeliño LB 14 0 (1) 2023-2024
20%
681 Ante Rebić LW 18 0 (4) 2023-2024
20%
1014 Atakan Üner RW 3 0 (0) 2020-2021
20%
536 Augustine Ahinful ST 30 1 (1) 2003-2005
20%
293 Badou Ndiaye DM 64 5 (9) 2017-2020
20%
408 Bakhtiyor Zaynutdinov LB 43 0 (1) 2023-2025
20%
996 Bebé LW 3 0 (0) 2011-2012
20%
130 Bekir İrtegün CB 114 6 (0) 2009-2015
20%
110 Berkan Kutlu CM 124 2 (5) 2021-2025
20%
1081 Beykan Şimşek LW 1 0 (0) 2012-2013
20%
750 Blerim Dzemaili CM 15 0 (1) 2014-2015
20%
234 Bosingwa RB 78 0 (6) 2013-2016
20%
278 Bruma LW 67 12 (12) 2013-2014, 2016-2017, 2022-2023
20%
463 Bruno Peres RB 36 1 (1) 2021-2023
20%
213 Caleb Ekuban ST 84 20 (12) 2018-2021
20%
323 Carl Medjani CB 58 8 (2) 2014-2017
20%
809 Carlos Vinícius ST 12 1 (1) 2023-2024
20%
1123 Cédric Carrasso GK 1 0 (0) 2017-2018
20%
81 Cihan Haspolatlı DM 142 12 (10) 2002-2007
20%
128 Colin Kazım-Richards ST 114 13 (14) 2007-2012
20%
150 Daniel Pancu ST 105 23 (11) 2002-2006
20%
789 Daniel Sturridge ST 13 4 (4) 2019-2020
20%
762 Danylo Sikan ST 14 3 (1) 2024-2025
20%
800 Diego Reyes CB 12 0 (0) 2018-2019
20%
755 Donis Avdijaj LW 14 1 (1) 2019-2020
20%
335 Edgar Ié CB 55 2 (0) 2020-2022
20%
562 Edú ST 28 5 (0) 2011-2012
20%
171 Edú Dracena CB 95 5 (1) 2006-2009
20%
422 Elano AM 40 5 (3) 2009-2011
20%
417 Eljif Elmas LW 41 4 (0) 2017-2019
20%
281 Elvir Baljic LW 67 8 (19) 2000-2001, 2002-2005
20%
792 Emin Bayram CB 13 0 (0) 2019-2020, 2022-2023
20%
977 Emrah Umut CB 4 0 (0) 2003-2004
20%
973 Emre Bilgin GK 5 0 (0) 2021-2023
20%
937 Eray İşcan GK 7 0 (0) 2012-2014
20%
1027 Erman Yıldırım CB 3 0 (0) 2002-2003
20%
435 Fabián Castillo LW 38 3 (4) 2016-2018
20%
686 Fabiano LB 18 0 (1) 2004-2005
20%
728 Fabiano GK 16 0 (0) 2015-2017
20%
764 Federico Higuaín AM 14 0 (1) 2007-2008
20%
372 Ferhat Öztorun LB 49 0 (0) 2005-2006, 2009-2013
20%
542 Fernando Meira CB 29 0 (1) 2008-2009
20%
1096 Fevzi Elmas GK 1 0 (0) 2004-2005
20%
577 Florent Malouda LW 26 6 (8) 2013-2014
20%
803 Florin Andone ST 12 2 (0) 2019-2020
20%
645 Frank de Boer CB 21 1 (1) 2003-2004
20%
297 Gary Medel CB 64 1 (1) 2017-2020
20%
916 Goran Pandev CF 7 0 (0) 2014-2015
20%
272 Hakan Arıkan GK 68 0 (1) 2007-2010, 2014-2015
20%
292 Halil Altıntop AM 64 13 (12) 2011-2013
20%
319 Halil Dervişoğlu ST 58 7 (4) 2020-2021, 2023-2024
20%
243 Hamit Altıntop RM 75 2 (9) 2012-2014, 2016-2017
20%
238 Harry Kewell LW 76 28 (12) 2008-2011
20%
332 Hasan Kabze ST 56 17 (3) 2004-2007
20%
178 Hugo Almeida ST 94 38 (18) 2010-2014
20%
856 Iasmin Latovlevici LB 10 0 (1) 2017-2018
20%
447 İbrahim Ege CM 38 2 (0) 2003-2006
20%
659 Ismail Jakobs LB 20 0 (2) 2024-2025
20%
731 Ivaylo Petkov LB 16 0 (4) 2003-2004
20%
869 Izet Hajrovic RW 10 0 (1) 2013-2014
20%
343 Jailson DM 54 3 (1) 2018-2020
20%
458 Javi Montero CB 37 2 (1) 2020-2023
20%
861 Jean Onana DM 10 0 (0) 2023-2025
20%
563 João Pedro ST 27 5 (1) 2022-2023
20%
135 João Pereira RB 108 3 (16) 2016-2021
20%
781 Joaquín Fernández CB 13 0 (0) 2023-2024
20%
427 Joshua King ST 40 8 (3) 2022-2024
20%
700 Josico DM 18 0 (0) 2008-2009
20%
673 Juan Pablo Pino RW 19 3 (2) 2010-2011
20%
587 Julien Escudé CB 25 2 (0) 2012-2014
20%
531 Junichi Inamoto DM 30 1 (1) 2006-2007
20%
502 Juraj Kucka CM 33 3 (7) 2017-2019
20%
1084 Kadir Ari LW 1 0 (0) 2012-2013
20%
249 Kemal Aslan CM 74 4 (6) 2002-2008
20%
327 Kennet Andersson ST 57 15 (14) 2000-2002
20%
212 Kerim Frei LW 84 7 (4) 2013-2017
20%
826 Kevin-Prince Boateng AM 11 3 (1) 2019-2020
20%
333 Kléberson CM 56 4 (6) 2005-2007
20%
926 Konstantinos Mitroglou ST 7 1 (1) 2018-2019
20%
541 Koray Günter CB 29 0 (0) 2013-2015, 2017-2018
20%
967 Koray Kılınç ST 5 0 (0) 2019-2020
20%
602 Léo Dubois RB 24 1 (1) 2022-2025
20%
503 Leo Franco GK 33 0 (0) 2009-2010
20%
368 Lionel Carole LB 49 0 (4) 2015-2017
20%
416 Lucas Neill CB 41 1 (1) 2009-2011
20%
1003 Lucas Ontivero RW 3 0 (0) 2013-2014
20%
791 Luís Neto CB 13 0 (0) 2017-2018
20%
461 Marc Bartra CB 37 4 (1) 2022-2023
20%
334 Marcelo CB 56 5 (0) 2015-2017
20%
139 Martin Linnes RB 107 2 (12) 2015-2021
20%
734 Matej Mitrovic CB 15 0 (0) 2016-2018
20%
248 Mauricio Isla RB 74 0 (13) 2017-2020
20%
1094 Mertcan Çam CM 1 0 (0) 2014-2015
20%
287 Mert Müldür RB 65 4 (9) 2023-2025
20%
769 Metehan Baltacı CB 14 0 (1) 2024-2025
20%
806 Mevlüt Erdinç ST 12 0 (0) 2019-2020
20%
205 Michael Petkovic GK 87 0 (1) 2002-2005
20%
618 Miralem Pjanić CM 23 0 (4) 2021-2022
20%
396 Misko Mirkovic CB 45 3 (1) 2000-2002
20%
522 Moatasem Al-Musrati DM 31 1 (0) 2023-2025
20%
849 Mohamed Sarr CB 10 2 (1) 2002-2003
20%
364 Mostafa Mohamed ST 50 15 (3) 2020-2022
20%
754 Muhammed Demirci AM 14 0 (0) 2011-2014
20%
551 Musa Büyük RB 28 0 (1) 2006-2008
20%
324 Mustafa Akbaş CB 58 1 (1) 2013-2014, 2016-2019
20%
114 Mustafa Pektemek ST 122 24 (11) 2011-2015, 2017-2019
20%
88 Mustafa Yumlu CB 136 8 (6) 2010-2017
20%
649 Mustapha Yatabaré ST 21 2 (2) 2014-2015
20%
382 Nicolas Anelka ST 47 14 (10) 2004-2006
20%
854 Nicolò Zaniolo AM 10 5 (0) 2022-2023
20%
356 Nikola Lazetic RM 52 6 (7) 2000-2002
20%
264 Ogenyi Onazi DM 70 6 (3) 2016-2020
20%
771 Oğuz Dağlaroğlu GK 14 0 (0) 2000-2003
20%
835 Oğuz Kağan Güçtekin DM 11 0 (0) 2017-2019
20%
737 Oleksandr Zubkov RW 15 6 (4) 2024-2025
20%
148 Ömer Bayram LB 105 2 (17) 2018-2022
20%
80 Önder Turacı CB 143 5 (2) 2004-2010
20%
318 Óscar Cardozo ST 58 25 (3) 2014-2016
20%
350 Pascal Nouma ST 53 24 (9) 2000-2001, 2002-2003
20%
504 Pedro Malheiro RB 33 6 (5) 2024-2025
20%
733 Pedro Rebocho LB 15 0 (0) 2019-2020
20%
604 Peter Etebo DM 24 0 (0) 2020-2021
20%
898 Poyraz Yıldırım ST 9 1 (0) 2022-2025
20%
723 Rade Krunic DM 16 0 (0) 2023-2025
20%
693 Recep Biler GK 18 0 (0) 2002-2004
20%
915 Recep Niyaz AM 7 0 (0) 2011-2013
20%
532 Rhodolfo CB 30 2 (0) 2015-2017
20%
955 Rıdvan Şimşek RB 6 0 (0) 2009-2011
20%
1099 Robert Enke GK 1 0 (0) 2003-2004
20%
194 Roberto Hilbert RB 89 6 (7) 2010-2013
20%
859 Róbinson Zapata GK 10 0 (0) 2010-2011
20%
736 Ryan Kent LW 15 0 (1) 2023-2024
20%
956 Salih Malkoçoğlu DM 6 0 (0) 2022-2023, 2024-2025
20%
197 Samuel Johnson DM 89 16 (2) 2000-2003
20%
285 Sasa Ilic CM 65 24 (7) 2005-2007
20%
549 Sébastien Pérez RB 29 4 (2) 2001-2002
20%
976 Serge Aurier RB 4 0 (0) 2023-2024
20%
439 Sergiy Rebrov CF 38 4 (6) 2002-2004
20%
644 Serkan Çalık RW 21 4 (1) 2007-2008
20%
1007 Sinan Bolat GK 3 0 (0) 2014-2015
20%
199 Stefano Denswil CB 88 3 (4) 2021-2025
20%
811 Tanju Kayhan RB 12 0 (0) 2011-2012
20%
203 Taylan Antalyalı CM 87 2 (6) 2019-2023
20%
716 Teófilo Gutiérrez ST 17 4 (0) 2009-2011
20%
424 Tetê RW 40 1 (5) 2023-2024
20%
672 Tobias Linderoth DM 19 1 (0) 2007-2010
20%
530 Tyler Boyd LW 30 3 (1) 2019-2020, 2022-2023
20%
401 Uğur İnceman CM 45 2 (0) 2008-2010
20%
266 Ümit Davala RM 70 10 (11) 2000-2003
20%
359 Umut Bozok ST 51 11 (5) 2022-2025
20%
132 Valentin Rosier RB 111 3 (15) 2020-2024
20%
510 Vedat Muriqi ST 32 15 (6) 2019-2020
20%
929 Volkan Babacan GK 7 0 (0) 2008-2010
20%
436 Wilfried Zaha LW 38 10 (4) 2023-2024
20%
991 Yalçın Ayhan CB 4 0 (0) 2005-2006
20%
126 Yusuf Şimşek AM 117 11 (15) 2000-2003, 2008-2011
20%
240 Zoran Mirkovic RB 76 3 (1) 2000-2003
20%
872 Abdulkadir Özdemir DM 10 0 (0) 2013-2014
10%
216 Abdullah Ercan LM 84 4 (6) 2000-2004
10%
832 Abel Xavier RB 11 0 (0) 2002-2003
10%
696 Adnan Güngör DM 18 0 (2) 2007-2009
10%
749 Adrian Ilie ST 15 6 (3) 2003-2004
10%
189 Adrian Mierzejewski AM 91 10 (23) 2011-2014
10%
1016 Ahmed Barusso DM 3 1 (0) 2007-2008
10%
793 Ahmetcan Kaplan CB 13 0 (1) 2021-2022
10%
1088 Ahmethan Köse ST 1 0 (0) 2017-2018
10%
870 Alexis Ruano CB 10 1 (0) 2015-2016
10%
402 Alex Oxlade-Chamberlain CM 44 5 (1) 2023-2025
10%
298 Ali Eren Beşerler RB 63 0 (2) 2000-2003
10%
933 Ali Kucık ST 7 1 (1) 2010-2011
10%
742 Ali Lukunku ST 15 6 (4) 2002-2004
10%
527 Alioum Saidou DM 31 0 (3) 2004-2006
10%
1032 Ali Turap Bülbül RB 3 0 (0) 2023-2024
10%
380 Amir Hadziahmetovic DM 47 1 (7) 2022-2025
10%
829 Anders Trondsen LB 11 0 (0) 2021-2022
10%
558 Andrés Fleurquín DM 28 3 (2) 2001-2002
10%
1064 Anıl Dilaver ST 2 1 (0) 2010-2011
10%
966 Anthony Seric LB 5 0 (0) 2008-2009
10%
1075 Aras Özbiliz RW 1 0 (0) 2016-2017
10%
1009 Arda Akbulut GK 3 0 (0) 2018-2019, 2021-2022
10%
1142 Arda Okan Kurtulan RM 1 0 (0) 2021-2022
10%
1070 Arda Ünyay CB 1 0 (0) 2024-2025
10%
595 Arif Boşluk LB 25 0 (2) 2022-2025
10%
464 Arkadiusz Glowacki CB 36 2 (1) 2010-2012
10%
1013 Atalay Babacan CM 3 0 (0) 2021-2022
10%
685 Aydın Karabulut RW 18 1 (2) 2006-2009
10%
409 Ayman Abdelaziz DM 43 2 (10) 2006-2008
10%
388 Baki Mercimek CB 46 0 (0) 2006-2008
10%
1034 Baran Demiroğlu ST 2 0 (0) 2023-2024
10%
836 Barış Alıcı RW 11 0 (1) 2018-2019
10%
314 Batista DM 59 2 (0) 2001-2004
10%
300 Batista Mendy DM 63 2 (2) 2023-2025
10%
351 Bayram Bektaş CM 53 7 (2) 2000-2003
10%
215 Berat Özdemir DM 84 1 (2) 2020-2024
10%
1072 Boran Başkan CM 1 0 (0) 2024-2025
10%
924 Burak Kapacak RW 7 0 (0) 2021-2022, 2024-2025
10%
968 Burak Kaplan AM 5 0 (0) 2011-2012
10%
783 Çağlar Birinci CB 13 0 (0) 2010-2013
10%
928 Carlos Cuesta CB 7 0 (0) 2024-2025
10%
894 Celil Sağır LM 9 0 (1) 2000-2001
10%
456 Cengiz Ünder RW 37 9 (3) 2023-2025
10%
482 César Prates RB 35 4 (3) 2003-2004
10%
1129 Çetin Güngör RB 1 0 (0) 2009-2010
10%
740 Christian ST 15 3 (0) 2002-2003
10%
620 Cihan Çanak AM 23 0 (1) 2024-2025
10%
497 DeAndre Yedlin RB 33 1 (1) 2020-2022
10%
780 Dele Alli AM 13 2 (0) 2022-2023
10%
544 Deniz Türüç RW 29 3 (1) 2019-2021
10%
1030 Denys Boyko GK 3 0 (0) 2015-2016
10%
218 Djaniny ST 83 18 (6) 2020-2023
10%
589 Drago Gabric LW 25 4 (2) 2009-2010
10%
533 Elias Jelert RB 30 1 (0) 2024-2025
10%
710 Émerson Conceição LB 17 2 (0) 2012-2013
10%
727 Emiliano Insúa LB 16 0 (0) 2010-2011
10%
842 Emirhan İlkhan CM 11 1 (0) 2021-2022
10%
489 Emirhan Topçu CB 34 1 (1) 2024-2025
10%
739 Emmanuel Culio CM 15 4 (1) 2010-2011
10%
470 Emre Güngör CB 36 0 (0) 2007-2010
10%
564 Emre Taşdemir LB 27 1 (3) 2018-2020, 2022-2023
10%
1117 Erdem Köse GK 1 0 (0) 2006-2007
10%
94 Erdinç Yavuz CB 131 8 (2) 2002-2008
10%
905 Eric Bailly CB 8 0 (0) 2023-2024
10%
827 Erick Pulgar DM 11 0 (0) 2021-2022
10%
653 Esteban Alvarado GK 20 0 (0) 2015-2018
10%
582 Fabio Pinto CF 25 2 (1) 2002-2004
10%
377 Federico Giunti DM 48 1 (4) 2002-2004
10%
669 Felipe Loureiro LW 19 2 (5) 2002-2003
10%
1137 Ferdi Serdar MF 1 0 (0) 2001-2002
10%
270 Ferhat Çökmüş RB 69 2 (3) 2005-2009
10%
609 Fevzi Tuncay GK 24 0 (0) 2000-2002
10%
758 Filip Benkovic CB 14 2 (0) 2023-2024
10%
570 Flávio Conceição CM 27 2 (1) 2004-2005
10%
596 Florin Bratu ST 25 6 (3) 2003-2004
10%
636 Fredrik Midtsjø CM 21 1 (2) 2022-2023
10%
952 Fredrik Risp CB 6 0 (0) 2006-2008
10%
1091 Furkan Yaman ST 1 0 (0) 2014-2015
10%
599 Gabriel Paulista CB 24 1 (1) 2024-2025
10%
862 Gabriel Tamaș CB 10 0 (0) 2003-2004
10%
882 Gervinho LW 9 2 (1) 2021-2022
10%
1111 Gökay Güney CB 1 0 (0) 2018-2019
10%
752 Gökay Iravul CM 14 0 (0) 2010-2012
10%
889 Gökhan Emreciksin RW 9 0 (1) 2008-2009
10%
440 Gökhan Güleç ST 38 9 (2) 2005-2007
10%
322 Gökhan Ünal ST 58 19 (15) 2008-2011
10%
979 Göksel Yaman ST 4 0 (0) 2003-2004
10%
969 Göktan Gürpüz AM 5 1 (0) 2023-2024
10%
886 Gordon Schildenfeld CB 9 0 (0) 2007-2008
10%
808 Gregory van der Wiel RB 12 0 (0) 2016-2017
10%
718 Guilherme AM 16 0 (1) 2019-2021
10%
1069 Guillermo Burdisso CB 1 0 (0) 2013-2014
10%
1052 Gustavo Assunção DM 2 0 (0) 2021-2022
10%
1035 Hakan Yakin AM 2 0 (0) 2004-2005
10%
1110 Hakan Yeşil DM 1 0 (0) 2020-2021
10%
357 Hami Mandıralı ST 52 22 (15) 2000-2002
10%
843 Haris Seferovic ST 10 0 (0) 2022-2023
10%
76 Hasan Üçüncü DM 148 2 (3) 2001-2008
10%
229 Hrvoje Cale LB 79 1 (2) 2008-2011
10%
157 Hüseyin Türkmen CB 101 0 (4) 2017-2025
10%
239 İlhan Mansız ST 76 38 (12) 2001-2004
10%
837 İlhan Parlak ST 11 0 (0) 2007-2009
10%
904 Iñaki Peña GK 8 0 (0) 2021-2022
10%
798 Ismaël Bouzid CB 12 1 (0) 2007-2008
10%
880 İsmail Çipe GK 9 0 (0) 2018-2019, 2021-2022
10%
874 Jamal Sellami DM 9 1 (0) 2000-2001
10%
392 Jan Durica CB 46 0 (0) 2016-2018
10%
719 Jean Evrard Kouassi LW 16 0 (0) 2021-2023
10%
818 Jimmy Durmaz CM 12 0 (0) 2019-2021
10%
493 João Mário LW 33 6 (3) 2024-2025
10%
369 Jonas Svensson RB 49 0 (3) 2023-2025
10%
705 José Rodríguez CM 17 0 (1) 2015-2016
10%
593 Josué AM 25 2 (3) 2016-2017
10%
678 Juanfran LB 19 1 (2) 2004-2005
10%
664 Kazımcan Karataş LB 20 0 (0) 2022-2024
10%
921 Kemal Ademi ST 7 0 (1) 2020-2021
10%
1079 Kenan Başkan CB 1 0 (0) 2000-2001
10%
508 Kenan Karaman ST 32 2 (2) 2021-2023
10%
174 Koray Avcı DM 95 1 (3) 2004-2008
10%
887 Lamine Diatta CB 9 0 (0) 2007-2008
10%
839 Levent Mercan LB 11 0 (0) 2024-2025
10%
198 Luiz Gustavo DM 88 5 (2) 2019-2022
10%
295 Majid Hosseini CB 64 1 (1) 2018-2021
10%
668 Marcelo Carrusca AM 19 1 (0) 2006-2008
10%
846 Márcio Mixirica ST 10 0 (1) 2000-2001
10%
657 Marek Heinz ST 20 3 (1) 2005-2006
10%
603 Marko Marin AM 24 2 (4) 2015-2016
10%
495 Mehmet Özdilek AM 33 5 (5) 2000-2001
10%
1107 Mehmet Yeşil CB 1 0 (0) 2015-2016
10%
984 Michael Eneramo ST 4 1 (0) 2013-2014
10%
682 Milos Krasic RW 18 0 (1) 2012-2013
10%
515 Miroslav Karhan CM 31 2 (3) 2000-2001
10%
622 Miroslav Stevic DM 22 2 (6) 2002-2003
10%
866 Montassir Lahtimi RW 10 0 (0) 2022-2023
10%
420 Morgan De Sanctis GK 41 0 (0) 2008-2009
10%
1101 Muhayer Oktay CM 1 0 (0) 2019-2020
10%
913 Murat Sözkesen ST 8 1 (1) 2001-2002
10%
578 Musa Nizam CB 26 1 (0) 2014-2016
10%
759 Mustafa Eskihellaç LB 14 0 (2) 2024-2025
10%
1113 Mustafa Kapı CM 1 0 (0) 2018-2019
10%
581 Nathan Redmond RW 25 5 (5) 2022-2023
10%
403 Nazım Sangaré RB 44 2 (3) 2020-2022
10%
689 Nigel de Jong DM 18 1 (0) 2016-2017
10%
896 Niyazi Güney RB 9 1 (0) 2002-2003
10%
460 Oktay Derelioğlu ST 37 21 (4) 2000-2003
10%
1022 Oleksandr Karavaev RB 3 0 (0) 2016-2017
10%
453 Omar Colley CB 37 7 (0) 2022-2025
10%
704 Omar Elabdellaoui RB 17 0 (1) 2020-2022
10%
965 Ömer Beyaz AM 5 0 (0) 2019-2021
10%
329 Ondrej Celustka CB 57 2 (3) 2011-2013
10%
505 Ovidiu Petre DM 33 1 (1) 2003-2005
10%
1106 Oytun Özdoğan GK 1 0 (0) 2020-2021
10%
1010 Özgür Can Özcan ST 3 0 (0) 2005-2007
10%
637 Pawel Brozek ST 21 3 (2) 2010-2012
10%
376 Pedro Franco CB 48 1 (0) 2013-2015
10%
919 Piotr Brozek LB 7 0 (0) 2010-2011
10%
796 Radu Niculescu ST 13 4 (0) 2001-2002
10%
1045 Ramazan Civelek RW 2 0 (0) 2015-2016
10%
307 Ramon LB 61 4 (6) 2013-2016
10%
627 Rayyan Baniya CB 22 0 (0) 2023-2024
10%
1078 Robert Spehar ST 1 0 (0) 2001-2002
10%
284 Roman Dabrowski RM 66 5 (4) 2002-2005
10%
639 Sadık Çiftpınar CB 21 1 (0) 2018-2021
10%
472 Samet Akaydin CB 36 1 (0) 2022-2025
10%
941 Samuel Holmén CM 6 0 (0) 2013-2014
10%
1033 Sedat Debreli ST 2 0 (0) 2002-2003
10%
619 Serdar Saatçı CB 23 1 (1) 2021-2022, 2024-2025
10%
339 Serkan Aykut ST 55 25 (2) 2000-2002
10%
902 Simon Falette CB 8 0 (1) 2019-2020
10%
717 Souleymane Youla ST 16 4 (2) 2005-2006
10%
714 Suat Usta CB 17 1 (0) 2002-2004
10%
790 Taha Tepe GK 13 0 (0) 2022-2025
10%
594 Tarık Çamdal RB 25 0 (0) 2014-2016
10%
543 Taxiarchis Fountas CF 29 2 (1) 2023-2024
10%
102 Tayfun Cora CB 128 7 (7) 2002-2005, 2007-2011
10%
670 Tayfun Korkut RM 19 1 (1) 2004-2005
10%
54 Tayfur Havutçu DM 172 12 (11) 2000-2006
10%
400 Tayyip Talha Sanuç CB 45 2 (0) 2022-2025
10%
751 Thomas Meunier RB 14 1 (5) 2023-2024
10%
621 Tolga Doğantez CB 22 0 (3) 2002-2003
10%
309 Tolga Seyhan CB 60 1 (1) 2003-2004, 2006-2008
10%
477 Tomas Ujfalusi CB 35 1 (1) 2011-2013
10%
432 Tony Sylva GK 39 0 (0) 2008-2010
10%
885 Tymoteusz Puchacz LB 9 0 (0) 2021-2022
10%
552 Uche Okechukwu CB 28 7 (0) 2000-2002
10%
617 Ufuk Ceylan GK 23 0 (0) 2010-2014
10%
383 Umut Meraş LB 47 0 (2) 2021-2024
10%
883 Utku Yuvakuran GK 9 0 (0) 2018-2021
10%
583 Vágner Love ST 25 10 (0) 2017-2019
10%
1135 Valentine Ozornwafor CB 1 0 (0) 2020-2021
10%
814 Vladimir Beschastnykh ST 12 1 (2) 2002-2003
10%
395 Volkan Bekiroğlu LB 46 1 (2) 2003-2006
10%
296 Volkan Yaman LB 64 1 (3) 2007-2010
10%
242 Welinton CB 76 1 (2) 2020-2023
10%
722 Wout Weghorst ST 16 8 (4) 2022-2023
10%
523 Yasin Çakmak CB 31 0 (2) 2007-2009
10%
87 Yasin Öztekin ST 136 27 (15) 2012-2013, 2014-2018
10%
1006 Yiğithan Güveli CB 3 0 (0) 2016-2017, 2018-2019
10%
1062 Zafer Biryol ST 2 0 (0) 2005-2006
10%
879 Zvjezdan Misimovic AM 9 0 (1) 2010-2011
10%
484 Abdoulay Diaby RW 34 5 (3) 2019-2020
0%
1020 Abdullah Karmil CB 3 0 (0) 2012-2013
0%
345 Adem Koçak CM 54 3 (1) 2004-2006
0%
1120 Adil Rami CB 1 0 (0) 2019-2020
0%
851 Ahmet Canbaz AM 10 0 (0) 2019-2021
0%
908 Ajdin Hasic AM 8 2 (0) 2020-2021
0%
815 Alban Bushi ST 12 0 (0) 2001-2003
0%
828 Alexander Löbe ST 11 4 (1) 2000-2001
0%
1041 Alexander Milosevic CB 2 0 (0) 2014-2016
0%
770 Alexandru Bourceanu DM 14 0 (0) 2013-2014
0%
569 Alex Teixeira CF 27 4 (1) 2021-2022
0%
665 Ali Akdeniz LM 20 2 (0) 2001-2003
0%
914 Ali Cansun Begeçarslan ST 8 3 (0) 2000-2001, 2002-2004
0%
945 Ali Güzeldal LW 6 1 (0) 2005-2006
0%
534 Ali Kandil LW 30 2 (1) 2002-2004
0%
1130 Ali Osman Karnapoğlu CB 1 0 (0) 2018-2019
0%
208 Ali Tandoğan RB 86 4 (11) 2005-2009
0%
983 Ali Yavuz Kol LW 4 0 (0) 2020-2021
0%
1053 Allahyar Sayyadmanesh LW 2 0 (0) 2019-2020
0%
1061 Alper Akıcı CB 2 0 (0) 2003-2004
0%
951 Alper Uludağ LB 6 0 (0) 2015-2016
0%
897 Altan Aksoy AM 9 1 (1) 2005-2006
0%
779 Amaral DM 13 0 (0) 2002-2003
0%
1031 Arda Kılıç LW 3 0 (0) 2023-2025
0%
884 Ardijan Djokaj LW 9 1 (0) 2005-2006
0%
680 Arild Stavrum ST 18 5 (2) 2001-2002
0%
1115 Atakan Gündüz CB 1 0 (0) 2020-2021
0%
614 Atınç Nukan CB 23 1 (0) 2009-2010, 2014-2015, 2016-2017
0%
1025 Augustine James ST 3 0 (0) 2001-2002
0%
844 Avraam Papadopoulos CB 10 1 (1) 2014-2015
0%
1066 Aytuğ Kömeç CB 2 0 (0) 2023-2024
0%
1154 Baran Aksaka DM 1 0 (0) 2022-2023
0%
712 Barış Ataş DM 17 0 (1) 2010-2011
0%
481 Barış Memiş LW 35 2 (2) 2007-2010
0%
784 Batuhan Artarslan DM 13 0 (0) 2017-2019
0%
553 Benik Afobe ST 28 5 (0) 2020-2021
0%
995 Berat Luş LW 3 0 (0) 2024-2025
0%
342 Berkant Göktan ST 54 10 (4) 2001-2005
0%
953 Berkay Vardar DM 6 0 (0) 2021-2023
0%
1151 Berk Neziroğluları LB 1 0 (0) 2009-2010
0%
519 Bernard Mensah AM 31 4 (1) 2020-2021
0%
777 Bernd Thijs DM 13 0 (3) 2004-2005
0%
782 Bilal Başaçıkoğlu LW 13 0 (0) 2019-2021
0%
513 Biula AM 32 10 (8) 2001-2002
0%
888 Borna Barisic LB 9 0 (0) 2024-2025
0%
801 Bülent Ataman GK 12 0 (0) 2001-2002
0%
1138 Bülent Uzun LB 1 0 (0) 2007-2008
0%
1000 Cafercan Aksu CM 3 0 (0) 2003-2005
0%
191 Çağdaş Atan CB 89 7 (1) 2004-2008
0%
1056 Çağtay Kurukalıp LB 2 0 (0) 2021-2022
0%
567 Can Bozdogan CM 27 1 (1) 2021-2022
0%
1104 Caner Koca DM 1 0 (0) 2014-2015
0%
876 Caner Osmanpaşa CB 9 0 (0) 2013-2014
0%
962 Can Keleş RW 5 0 (0) 2024-2025
0%
326 Capone RB 58 2 (2) 2000-2002
0%
799 Cédric Bakambu ST 12 2 (1) 2023-2024
0%
221 Celaleddin Koçak LB 82 1 (2) 2004-2008
0%
1047 Celil Yüksel CM 2 0 (0) 2018-2019
0%
491 Cem Beceren CB 34 2 (0) 2000-2002
0%
795 Cem Karaca DM 13 0 (0) 2002-2003
0%
1149 Cemre Atmaca RW 1 0 (0) 2003-2004
0%
1146 Cem Sultan ST 1 0 (0) 2010-2011
0%
675 Cher Ndour CM 19 1 (2) 2024-2025
0%
1038 Cumali Bişi DM 2 0 (0) 2009-2011
0%
1152 Cumhur Yılmaztürk DM 1 0 (0) 2009-2010
0%
641 Daniel Amartey CB 21 0 (0) 2023-2024
0%
860 Daouda Jabi RB 10 0 (0) 2007-2008
0%
610 Demir Ege Tıknaz DM 24 0 (1) 2023-2024
0%
687 Denis Drăguș ST 18 2 (1) 2024-2025
0%
909 Dentinho ST 8 0 (0) 2012-2014
0%
986 Diego Perotti LW 4 3 (0) 2020-2021
0%
940 Dimitrios Kourbelis DM 6 0 (0) 2023-2024
0%
550 Dmitriy Khlestov RB 29 1 (2) 2000-2002
0%
1083 Doğukan Pala LB 1 0 (0) 2010-2011
0%
730 Douglas CB 16 0 (1) 2015-2016
0%
931 Douglas RB 7 0 (0) 2019-2020
0%
987 Eduardo Suisso CM 4 0 (0) 2001-2002
0%
1063 Emir Gökçe ST 2 0 (0) 2007-2008
0%
1060 Emirhan Delibaş RW 2 0 (0) 2023-2024
0%
1134 Emirhan Zaman DM 1 0 (0) 2022-2023
0%
1139 Emir Köksal LB 1 0 (0) 2019-2020
0%
265 Emrah Eren RB 70 0 (8) 2003-2006
0%
975 Emre Aygün RB 4 0 (0) 2002-2004
0%
748 Emrecan Terzi LB 15 1 (1) 2023-2025
0%
990 Emrecan Uzunhan CB 4 0 (1) 2022-2024
0%
501 Emre Güral ST 33 7 (1) 2012-2014
0%
1132 Emre Nasuh CM 1 0 (0) 2019-2020
0%
881 Erce Kardeşler GK 9 0 (0) 2019-2022
0%
982 Erdem Seçgin AM 4 0 (0) 2018-2020
0%
1131 Erencan Yardımcı ST 1 0 (0) 2019-2020
0%
575 Ergin Keleş ST 26 1 (2) 2005-2006, 2007-2008
0%
778 Erhan Albayrak LM 13 0 (1) 2002-2004
0%
449 Erhan Namlı AM 38 3 (6) 2000-2002
0%
1147 Erhan Uyaroğlu ST 1 0 (0) 2000-2001
0%
245 Erman Güraçar CB 75 0 (5) 2000-2003
0%
1054 Erman Kılıç AM 2 0 (0) 2013-2014
0%
241 Erman Özgür AM 76 5 (10) 2000-2003
0%
537 Ersen Martin ST 30 12 (1) 2006-2008
0%
1155 Ertuğrul Taşkıran GK 1 0 (0) 2016-2017
0%
1011 Eser Yağmur ST 3 1 (1) 2002-2003
0%
623 Essaïd Belkalem CB 22 3 (1) 2014-2015
0%
236 Eul-yong Lee LM 76 1 (11) 2002-2003, 2004-2006
0%
1098 Eyüp Kaymakçı AM 1 0 (0) 2003-2004
0%
834 Fabiano Eller CB 11 0 (0) 2005-2006
0%
648 Fahri Tatan DM 21 0 (1) 2002-2003, 2006-2007
0%
629 Faruk Atalay AM 22 0 (1) 2000-2002
0%
1128 Faruk Can Genç LB 1 0 (0) 2020-2021
0%
922 Fatih Aksoy CB 7 0 (0) 2017-2019
0%
476 Fatih Atik CM 35 0 (3) 2014-2016
0%
1029 Fatih Şanlıtürk CM 3 0 (0) 2020-2022
0%
765 Fatih Sonkaya RB 14 0 (1) 2004-2005
0%
745 Fazlı Ulusal ST 15 2 (0) 2000-2001
0%
498 Felix Uduokhai CB 33 0 (0) 2024-2025
0%
992 Ferhat Yazgan DM 4 0 (0) 2014-2015
0%
972 Feridun Sungur RB 5 0 (0) 2002-2003, 2005-2007
0%
950 Fıratcan Üzüm RB 6 0 (0) 2019-2020
0%
521 Flávio CM 31 1 (2) 2020-2021
0%
701 Fodé Koita ST 18 0 (1) 2021-2022
0%
947 Fousseni Diabaté RW 6 0 (0) 2020-2021
0%
1156 Furkan Akyüz GK 1 0 (0) 2023-2024
0%
1126 Furkan Özçal CM 1 0 (0) 2014-2015
0%
499 Gastón Campi CB 33 1 (2) 2019-2021
0%
1039 Gökhan Alsan CM 2 0 (0) 2013-2014
0%
944 Gökhan Kolomoç CB 6 0 (0) 2001-2002
0%
810 Gökhan Süzen LB 12 0 (0) 2012-2013
0%
1026 Göksel Gencer GK 3 0 (0) 2002-2003
0%
1103 Görkem Görk CB 1 0 (0) 2002-2003
0%
767 Güray Vural LB 14 0 (0) 2015-2017
0%
893 Gürhan Gürsoy LM 9 0 (0) 2005-2006, 2007-2009
0%
560 Gustavo Victoria LB 28 1 (3) 2001-2002
0%
330 Hakan Bayraktar DM 57 1 (4) 2001-2004
0%
958 Hakkı Daş MF 5 0 (0) 2002-2003
0%
1144 Halit Güven Kocabal CM 1 0 (0) 2005-2006
0%
254 Hans Somers LM 73 9 (3) 2001-2004
0%
662 Hasan Sönmez GK 20 0 (0) 2003-2006
0%
654 Igor-Sasa Nikolovski CB 20 0 (1) 2000-2001
0%
554 Ike Shorunmu GK 28 0 (0) 2000-2001
0%
1121 İlhan Eker CB 1 0 (0) 2010-2011
0%
1153 İlker Erbay CB 1 0 (1) 2002-2003
0%
574 Isaac Promise RW 26 2 (2) 2008-2009
0%
970 İsmail Güldüren CB 5 0 (0) 2003-2004
0%
615 Jean-Philippe Gbamin DM 23 0 (0) 2022-2023
0%
391 Jefferson GK 46 0 (0) 2005-2008
0%
1023 Jem Karacan CM 3 0 (0) 2015-2016
0%
847 Jermaine Jones DM 10 0 (0) 2013-2014
0%
807 Jesse Sekidika LW 12 1 (0) 2019-2021
0%
949 Joe Worrall CB 6 1 (0) 2023-2024
0%
509 John Lundstram DM 32 3 (1) 2024-2025
0%
932 John Moshoeu AM 7 0 (0) 2000-2001
0%
643 John Obi Mikel DM 21 0 (0) 2019-2020
0%
630 Kadir Keleş LB 22 1 (2) 2007-2008, 2013-2014
0%
1136 Kağan Moradaoğlu GK 1 0 (0) 2020-2021
0%
315 Kamil Ahmet Çörekçi RB 58 0 (3) 2017-2021
0%
385 Karel D'Haene CB 47 1 (1) 2003-2005
0%
820 Keny Arroyo RW 11 1 (0) 2024-2025
0%
946 Kerem Atakan Kesgin CM 6 0 (0) 2022-2023
0%
1046 Kerem Baykuş AM 2 0 (0) 2019-2020
0%
1019 Kerem Kalafat RB 3 0 (1) 2019-2020, 2021-2022
0%
568 Kévin Constant LB 27 2 (3) 2014-2016
0%
772 Kiki Musampa LW 14 0 (0) 2006-2007
0%
1116 Korcan Çelikay GK 1 0 (0) 2009-2010
0%
612 Kürşat Duymuş CB 23 2 (0) 2001-2002, 2005-2006
0%
1017 Kurt Van De Paar AM 3 0 (1) 2003-2004
0%
855 Leonardo Bonucci CB 10 0 (1) 2023-2024
0%
485 Lewis Baker CM 34 2 (3) 2020-2021
0%
867 Luis Ibáñez LB 10 0 (0) 2016-2017, 2018-2019
0%
702 Mahmut Hanefi Erdoğdu LB 18 0 (1) 2003-2006
0%
1105 Mahsun Çapkan LW 1 0 (0) 2018-2019
0%
613 Majeed Waris CF 23 1 (1) 2014-2015
0%
633 Maksim Romashchenko LM 22 6 (2) 2003-2004
0%
838 Manuel da Costa CB 11 1 (0) 2019-2020
0%
679 Marcelinho Paraíba AM 19 2 (2) 2006-2007
0%
715 Marcio Jarro DM 17 0 (1) 2001-2002
0%
579 Marc Janko ST 26 3 (2) 2012-2014
0%
389 Marek Cech LB 46 1 (2) 2011-2013
0%
524 Marek Sapara AM 31 2 (0) 2011-2013
0%
1089 Marinho CB 1 0 (0) 2001-2002
0%
1049 Marius Măldărășanu AM 2 0 (0) 2002-2003
0%
492 Markus Münch LB 33 2 (13) 2000-2001
0%
473 Marlon LB 36 0 (1) 2020-2021
0%
903 Mattias Asper GK 8 0 (0) 2001-2002
0%
437 Matus Bero CM 38 3 (2) 2016-2018
0%
1140 Mehmet Aksu ST 1 0 (0) 2001-2002
0%
841 Mehmet Akyüz ST 11 0 (0) 2011-2013
0%
930 Mehmet Batdal ST 7 0 (1) 2010-2012
0%
1141 Mehmet Bölükbaşı GK 1 0 (0) 2002-2003
0%
448 Mehmet Kahraman CM 38 0 (1) 2001-2004
0%
768 Mehmet Polat CB 14 1 (0) 2002-2003
0%
479 Mehmet Sedef CB 35 0 (0) 2004-2008
0%
920 Melih Kabasakal DM 7 0 (0) 2015-2016
0%
1095 Melih Okutan RW 1 0 (0) 2015-2016
0%
1082 Mertcan Demirer CM 1 0 (0) 2010-2011
0%
450 Metin Aktaş GK 38 0 (0) 2000-2002
0%
428 Milan Stepanov CB 39 1 (0) 2005-2007
0%
331 Miroslaw Szymkowiak CM 56 14 (14) 2004-2007
0%
821 Mislav Orsic LW 11 0 (0) 2023-2025
0%
1092 Muhammed Akarslan CM 1 0 (0) 2013-2014
0%
729 Muhammed Gümüşkaya AM 16 0 (0) 2019-2020, 2021-2022
0%
1024 Muhammet Akpınar ST 3 0 (0) 2019-2020
0%
923 Muhammet Beşir ST 7 1 (0) 2015-2016
0%
852 Murat Alaçayır RM 10 1 (1) 2000-2001
0%
802 Murat Bölükbaş ST 12 1 (3) 2000-2001
0%
906 Murat Cem Akpınar CM 8 1 (0) 2018-2019, 2021-2022
0%
817 Murat Hacıoğlu CF 12 1 (0) 2004-2005, 2006-2007
0%
788 Murat Ocak LB 13 0 (1) 2006-2007
0%
1102 Murat Sağlam AM 1 0 (0) 2019-2020
0%
1067 Musa Çağıran DM 2 0 (0) 2010-2011
0%
507 Mustafa Hekimoğlu ST 32 2 (2) 2023-2025
0%
367 Mustafa Keçeli LB 50 3 (2) 2006-2008
0%
608 Mustafa Yalçınkaya RB 24 0 (1) 2002-2004
0%
698 Muzaffer Bilazer AM 18 0 (1) 2002-2003
0%
858 Naci Ünüvar LW 10 1 (1) 2022-2023
0%
1058 Nail Tilbaç ST 2 0 (0) 2005-2006
0%
912 Necat Aygün CB 8 0 (0) 2001-2002
0%
707 Nesim Özgür DM 17 0 (0) 2000-2001
0%
753 Nicolas Isimat-Mirin CB 14 0 (0) 2018-2019
0%
573 Oğulcan Çağlayan RW 26 4 (1) 2020-2022
0%
1114 Oğuz Sabankay AM 1 0 (0) 2006-2007
0%
1036 Okan Alkan RB 2 0 (2) 2010-2011
0%
1057 Ömer Karabacak RB 2 0 (0) 2000-2001
0%
452 Ömer Riza CF 37 4 (4) 2005-2008
0%
674 Ömer Şişmanoğlu ST 19 4 (0) 2013-2014, 2016-2017
0%
900 Onur Bayramoğlu CM 8 0 (0) 2010-2011
0%
703 Orhan Çıkırıkçı LM 17 2 (0) 2000-2001
0%
978 Orkan Çınar RW 4 0 (1) 2017-2018, 2019-2020
0%
994 Osman Kurtuldu GK 3 0 (0) 2001-2003
0%
386 Osman Özköylü CB 47 3 (4) 2000-2002
0%
676 Oumar Dieng CB 19 0 (0) 2002-2004
0%
684 Ozan Kabak CB 18 0 (0) 2017-2019
0%
864 Özgür Bayer CB 10 0 (0) 2004-2006
0%
964 Özgür Çek LB 5 0 (1) 2011-2013
0%
961 Patrick Villars CB 5 0 (0) 2001-2002
0%
999 Pavel Horvath CM 3 0 (0) 2001-2002
0%
677 Petar Milosevski GK 19 0 (0) 2000-2001
0%
797 Rahim Zafer DF 13 0 (0) 2000-2001
0%
592 Ramazan Kurşunlu GK 25 0 (0) 2003-2005
0%
998 Ramazan Övüç CM 3 0 (0) 2015-2016
0%
1059 Ramazan Özalp LB 2 0 (0) 2000-2001
0%
1090 Ramil Sheydayev ST 1 0 (0) 2016-2017
0%
985 Razundara Tjikuzu RB 4 0 (0) 2009-2010
0%
935 Recep Asıl RB 7 0 (0) 2003-2004
0%
1143 Richard Kingson GK 1 0 (0) 2003-2004
0%
927 Róbert Vittek ST 7 2 (1) 2011-2013
0%
805 Rune Lange ST 12 5 (0) 2000-2001
0%
890 Safa Kınalı CM 9 0 (0) 2020-2021
0%
911 Şahin Aygüneş LW 8 0 (1) 2013-2014
0%
1080 Salih Akkaya RM 1 0 (0) 2000-2001
0%
942 Sam Adekugbe LB 6 0 (1) 2022-2023
0%
1087 Samed Karakoç AM 1 0 (0) 2017-2018
0%
939 Santiago Salazar CB 6 0 (0) 2001-2002
0%
989 Sayed Moawad LM 4 0 (0) 2007-2008
0%
971 Sead Halilagic CB 5 0 (0) 2000-2001
0%
868 Selahattin Kınalı ST 10 0 (0) 2002-2003
0%
269 Semih Kılıçsoy ST 70 15 (9) 2022-2025
0%
918 Şenol Erol ST 7 0 (0) 2001-2002
0%
1065 Serdar Eylik LW 2 0 (0) 2009-2010
0%
938 Serdar Gürler LW 7 0 (0) 2014-2015
0%
559 Serdar Topraktepe LW 28 5 (1) 2002-2004
0%
761 Serge Akakpo CB 14 1 (0) 2015-2017
0%
917 Sergio Almaguer CB 7 0 (0) 2002-2003
0%
1086 Serhat Kot LB 1 0 (0) 2017-2018
0%
348 Serkan Asan RB 53 1 (2) 2019-2022, 2024-2025
0%
663 Serkan Kılıç LB 20 0 (1) 2002-2003
0%
873 Serkan Özsoy CB 9 0 (1) 2000-2003
0%
695 Sertan Eser ST 18 1 (4) 2001-2002
0%
1097 Servet Gökçen LB 1 0 (0) 2002-2003
0%
833 Sezer Badur CM 11 0 (0) 2009-2011
0%
1051 Sezer Sezgin LB 2 0 (0) 2004-2005
0%
830 Sidnei CB 11 2 (0) 2011-2012
0%
607 Sinan Kaloğlu ST 24 1 (0) 2003-2004
0%
1043 Sinan Kurumuş ST 2 0 (0) 2012-2013
0%
1012 Sixten Veit DM 3 0 (0) 2001-2002
0%
511 Sol Bamba CB 32 0 (0) 2012-2014
0%
352 Soner Aydoğdu CM 53 3 (5) 2012-2016
0%
706 Stéphane Mbia DM 17 2 (1) 2015-2016
0%
1055 Stiven Plaza ST 2 0 (0) 2020-2021
0%
1028 Taha Altıkardeş CB 3 0 (0) 2022-2023
0%
291 Tamer Tuna RM 64 5 (12) 2000-2003
0%
413 Tayfur Bingöl CM 41 3 (3) 2022-2024
0%
1004 Théo Bongonda RW 3 0 (0) 2017-2018
0%
787 Thomas Myhre GK 13 0 (0) 2001-2002
0%
934 Tim Jabol-Folcarelli CM 7 0 (0) 2024-2025
0%
638 Todor Yanchev DM 21 0 (1) 2000-2001
0%
661 Tomas Hubocan CB 20 0 (0) 2017-2018
0%
634 Tomas Jun CF 22 1 (0) 2005-2006
0%
963 Tonio Teklic AM 5 0 (0) 2023-2024
0%
850 Tunç Kip DM 10 1 (0) 2000-2002
0%
1124 Ufuk Bayraktar LW 1 0 (0) 2004-2005
0%
625 Ufukhan Bayraktar CB 22 0 (0) 2005-2007
0%
1077 Ümit Atalay LM 1 0 (0) 2003-2004
0%
366 Ümit Bozkurt DF 50 1 (2) 2000-2002
0%
1005 Uygar Zeybek CM 3 0 (0) 2014-2016
0%
626 Vahid Amiri LW 22 1 (0) 2018-2019
0%
405 Vedat İnceefe CB 44 1 (1) 2000-2003
0%
538 Veysel Cihan ST 30 5 (4) 2004-2006
0%
606 Víctor Ruiz CB 24 0 (1) 2019-2020
0%
1001 Volkan Pala ST 3 0 (0) 2015-2016
0%
744 Washington ST 15 10 (2) 2002-2003
0%
188 Yasin Sülün DM 92 6 (9) 2000-2004
0%
1100 Yavuz Aygün GK 1 0 (0) 2015-2016
0%
910 Yiğit Gökoğlan RW 8 1 (0) 2011-2012
0%
667 Yunus Mallı AM 20 0 (0) 2020-2022
0%
652 Yusuf Akçiçek CB 20 1 (1) 2023-2025
0%
340 Zafer Demiray RW 54 11 (11) 2000-2003
0%
960 Zafer Şakar CM 5 0 (0) 2004-2006
0%
690 Zanka CB 18 2 (0) 2019-2021
0%
571 Zargo Touré CB 27 0 (0) 2018-2019
0%
735 Zarko Serafimovski CM 15 2 (0) 2000-2001
0%
1068 Zeki Ayvaz GK 2 0 (0) 2013-2014
0%
325 Zeki Yavru RB 58 1 (4) 2012-2014, 2016-2017, 2018-2019
0%
576 Zoubaier Baya AM 26 2 (9) 2001-2002
0%
No matching quizzes found
Score Distribution
Percent of People with Each Score
Percentile by Number Answered
Your Score History
You have not taken this quiz